000 00508nam a2200181 i 4500
001 bg
100 1 _aCISZEWSKI, Andrzej
245 0 _aMateriaƂy konstrukcyjne w budowie maszyn /
_cA. Ciszewski, T. Radomski.
260 _aWarszawa,
_c1989.
490 1 _aPodstawy Konstrukcji Maszyn
700 1 _aRADOMSKI, Tadeusz
830 _aPodstawy Konstrukcji Maszyn
040 _cBPK
041 _apol
080 _a621.01:669.017/.018+678.7](075.8)
942 _cKS
008 s pl f |000 0 pol
999 _c4058
_d4058
856 _uhttp://koha.tu.koszalin.pl/cgi-bin/koha/opac-detail.pl?biblionumber=4058
_yKatalog online BPK